| 000 | 00871nab a2200265 u 4500 | ||
|---|---|---|---|
| 001 | 11407 | ||
| 003 | HDC | ||
| 007 | cr bn ---aaaaa | ||
| 008 | 210207c mydr|nes 0 a may d | ||
| 040 | _aHDC | ||
| 100 |
_aSiti Zarinah Sahib, _eauthor _911721 |
||
| 245 | 0 |
_aTampil muda, mempesona / _cby Siti Zarinah Sahib |
|
| 260 |
_a[no place] : _b[publisher not identified], _c[no year] |
||
| 336 |
_atext _2rdacontent |
||
| 337 |
_acomputer _2rdamedia |
||
| 338 |
_aonline resource _2rdacarrier |
||
| 650 |
_aBeauty product _98765 |
||
| 650 |
_aCosmetic product _95346 |
||
| 650 |
_aHalal cosmetic _95164 |
||
| 710 | _aMy Metro | ||
| 856 | _zRequest full-text at [email protected] | ||
| 942 | _2lcc | ||
| 942 | _cNEWS | ||
| 942 | _kNWSO 000320 | ||
| 999 |
_c8730 _d8730 |
||